| 000 | 00420nam a22001817a 4500 | ||
|---|---|---|---|
| 003 | OSt | ||
| 008 | 250506b |||||||| |||| 00| 0 eng d | ||
| 020 | _a9789355422439 | ||
| 082 | _a006.33 MUE | ||
| 100 | _aMUNN,Michael | ||
| 245 | _aExplainable AI for Practitioners | ||
| 250 | _a1st Ed | ||
| 260 |
_aMumbai _bSPD _c2022 |
||
| 300 | _a259 | ||
| 650 | _aExplainable AI | ||
| 700 | _aPITMAN,David | ||
| 942 |
_2ddc _cBK |
||
| 999 |
_c13540 _d13540 |
||